[Event "Jakarta Tunas Jaya I"]
[Site "Jakarta"]
[Date "2018.07.14"]
[Round "6.8"]
[White "Sugeng, Bambang"]
[Black "Sudung, Tampubolon"]
[Result "1-0"]
[WhiteElo "2074"]
[BlackElo "2064"]
[PlyCount "99"]
[EventDate "2018.07.11"]
[EventType "swiss"]
[EventRounds "9"]
[EventCountry "INA"]
[SourceTitle "EXT 2024"]
[Source "ChessBase"]
[SourceDate "2023.10.10"]
[SourceVersion "1"]
[SourceVersionDate "2023.10.10"]
[SourceQuality "1"]

1. d4 Nf6 2. Nf3 g6 3. c4 Bg7 4. Nc3 0-0 5. e4 d6 6. Be2 Nc6 7. 0-0 a6 8. d5 Nb8 9. Nd4 e5 10. Nc2 Ne8 11. Be3 f5 12. f3 Nf6 13. Qd2 f4 14. Bf2 g5 15. a4 Nbd7 16. a5 Rf7 17. b4 Bf8 18. Na4 g4 19. Qd3 g3 20. hxg3 fxg3 21. Bxg3 Nh5 22. Bh2 Qh4 23. Ne3 Nf4 24. Bxf4 exf4 25. Nf5 Qg5 26. Qc2 Ne5 27. Rf2 Ng6 28. Bd3 Bg7 29. Nxg7 Kxg7 30. Kf1 Bd7 31. c5 Bxa4 32. Rxa4 Ne5 33. Ke1 Qh4 34. Bf1 Kh8 35. Ra3 Rg8 36. Kd1 Qh1 37. Qe2 Qg1 38. Rc3 h5 39. Kc2 Kh7 40. Kb3 h4 41. Rc2 Rg3 42. Kb2 Qh1 43. Qd2 Rf8 44. cxd6 cxd6 45. Qc3 Rf7 46. Qc8 h3 47. gxh3 Rg1 48. Rg2 Rg7 49. Qf5+ Kh6 50. Qf6+ 1-0